000 01264nam0a2200313 4500
001 RU\NLR\bibl\186773
005 20250618064527.0
010 _a5-239-02106-6
_9500
021 _aRU
_b2000-55511
_92574
035 _a(NLR Aleph) 000183333
090 _a1058800
_c1058800
100 _a20010927d2000 |||y0rusy50 ca
101 0 _arus
102 _aRU
105 _aa |||||||||
200 1 _aАпокриф
_eСтихи. Поэмы. Эссе. Повесть
_fМарина Тарасова
210 _aМ.
_cМоск. рабочий
_d2000
215 _a163,[1] с.
_cпортр.
_d20
327 1 _aСодерж.: Стихи; Поэмы: Двойник; Поселковая мистерия; Иосиф Бродский "Осенний крик ястреба". Пернатый Апокалипсис: Эссе; Божественная Сапфо: Повесть
686 _aШ6(2=Р)75я44
700 1 _4070
_aТарасова
_bМ. Б.
_cписатель, переводчик
_f1939-
_gМарина Борисовна
_9229471
_3RU\NLR\AUTH\770229527
801 0 _aRU
_bNLR
_c20010927
_gPSBO
801 1 _aRU
_bNLR
_c20010927
830 _aавт. по кн.
942 _cBOOK
980 _aNB